<?xml version="1.0" encoding="UTF-8"?>
<record
    xmlns:xsi="http://www.w3.org/2001/XMLSchema-instance"
    xsi:schemaLocation="http://www.loc.gov/MARC21/slim http://www.loc.gov/standards/marcxml/schema/MARC21slim.xsd"
    xmlns="http://www.loc.gov/MARC21/slim">

  <leader>00299nam a2200145Ia 4500</leader>
  <controlfield tag="005">20260513122053.0</controlfield>
  <datafield tag="020" ind1=" " ind2=" ">
    <subfield code="a">9783030542580</subfield>
  </datafield>
  <datafield tag="100" ind1=" " ind2=" ">
    <subfield code="a">Skiena</subfield>
  </datafield>
  <datafield tag="365" ind1=" " ind2=" ">
    <subfield code="c">&#x20AC;</subfield>
  </datafield>
  <datafield tag="365" ind1=" " ind2=" ">
    <subfield code="b">28.00</subfield>
  </datafield>
  <datafield tag="942" ind1=" " ind2=" ">
    <subfield code="c">BK</subfield>
  </datafield>
  <datafield tag="245" ind1=" " ind2=" ">
    <subfield code="a">The Algorithm Design Manual 3/e</subfield>
  </datafield>
  <datafield tag="260" ind1=" " ind2=" ">
    <subfield code="b">Springer</subfield>
  </datafield>
  <datafield tag="999" ind1=" " ind2=" ">
    <subfield code="c">92</subfield>
    <subfield code="d">92</subfield>
  </datafield>
  <datafield tag="952" ind1=" " ind2=" ">
    <subfield code="0">0</subfield>
    <subfield code="1">0</subfield>
    <subfield code="4">0</subfield>
    <subfield code="7">0</subfield>
    <subfield code="a">UNSW</subfield>
    <subfield code="b">UNSW</subfield>
    <subfield code="d">2026-05-08</subfield>
    <subfield code="g">59.99</subfield>
    <subfield code="i">16697</subfield>
    <subfield code="l">0</subfield>
    <subfield code="p">000153</subfield>
    <subfield code="r">2026-05-13 12:20:53</subfield>
    <subfield code="v">59.99</subfield>
    <subfield code="w">2026-05-13</subfield>
    <subfield code="y">BK</subfield>
  </datafield>
  <datafield tag="952" ind1=" " ind2=" ">
    <subfield code="0">0</subfield>
    <subfield code="1">0</subfield>
    <subfield code="4">0</subfield>
    <subfield code="7">0</subfield>
    <subfield code="a">UNSW</subfield>
    <subfield code="b">UNSW</subfield>
    <subfield code="d">2026-05-08</subfield>
    <subfield code="g">59.99</subfield>
    <subfield code="i">16698</subfield>
    <subfield code="l">0</subfield>
    <subfield code="p">000157</subfield>
    <subfield code="r">2026-05-13 12:20:53</subfield>
    <subfield code="v">59.99</subfield>
    <subfield code="w">2026-05-13</subfield>
    <subfield code="y">BK</subfield>
  </datafield>
</record>
